Statistics for Film History

Click here to take the quiz!

General Stats

  • This quiz has been taken 133 times
  • The average score is 14 of 20

Answer Stats

YearHintAnswer% Correct
1997This movie about a sunken ship grosses 1 billion US-$Titanic
98%
1975This thriller featuring a shark is said to be the first blockbusterJaws
96%
1959"Ben-Hur" is the first film to win 11 of these awardsOscars
96%
2001J.R.R. Tolkien's fantasy epic is made into three filmsThe Lord of the Rings
96%
1977This space opera franchise startsStar Wars
90%
2014This actor ("Dead Poets Society") diesRobin Williams
89%
1994He directs, writes and stars in "Pulp Fiction"Quentin Tarantino
88%
1941Citizen Kane was directed by this 26-year oldOrson Welles
86%
1922"Nosferatu" is what kind of horror creature?vampire
86%
2011"The Artist" is the first Best Picture winner from this countryFrance
76%
1927"The Jazz Singer" is the first film featuring sound (colloquial term)talkie
69%
1939This British actress becomes the star of "Gone with the Wind"Vivien Leigh
67%
1914Charlie Chaplin's iconic character appears firstThe Tramp
65%
2009"Avatar" reintroduces this way of film presentation3-D
62%
1892These French brothers patent the cinematographLumière
59%
1954Remade into "The Magnificent Seven", what is the original's name?Seven Samurai
58%
1902"The Great Train Robbery" is the first entry into this genreWestern
41%
1968This sci-fi author contributes to "2001: A Space Odyssey"Arthur C. Clarke
40%
1912Carl Laemmle founds this major StudioUniversal
38%
1967This New Wave of Hollywood lasts until 1976New Hollywood
11%

Score Distribution

Percentile by Number Answered

Percent of People with Each Score

Your Score History

You have not taken this quiz